[Event "Toronto Battle of inv"]
[Site "Toronto"]
[Date "2012.12.03"]
[Round "7"]
[White "Wilker, Marcus"]
[Black "Dougherty, Michael J"]
[Result "0-1"]
[WhiteElo "1633"]
[BlackElo "2275"]
[PlyCount "54"]
[EventDate "2012.10.15"]
[EventType "tourn"]
[EventRounds "7"]
[EventCountry "CAN"]
[SourceTitle "EXT 2022"]
[Source "ChessBase"]
[SourceDate "2021.10.06"]
[SourceVersion "1"]
[SourceVersionDate "2021.10.06"]
[SourceQuality "1"]

1. d4 Nf6 2. c4 e6 3. Nc3 Bb4 4. Nf3 b6 5. Bg5 h6 6. Bh4 Bb7 7. e3 g5 8. Bg3 Ne4 9. Qb3 Bxc3+ 10. bxc3 h5 11. h3 d6 12. Nd2 Nxg3 13. fxg3 Nd7 14. e4 c5 15. Be2 Qf6 16. Bf3 cxd4 17. 0-0 Qe5 18. Rac1 Nc5 19. Qb5+ Ke7 20. cxd4 Qxd4+ 21. Rf2 g4 22. hxg4 hxg4 23. Bxg4 Rag8 24. Bh3 Rxg3 25. Nb3 Qe3 26. Nxc5 Qxc1+ 27. Kh2 Rhxh3+ 0-1

[Event "Ontario op"]
[Site "Ottawa"]
[Date "2009.05.18"]
[Round "5"]
[White "Laurin, Marcel"]
[Black "Wilker, Marcus"]
[Result "1-0"]
[WhiteElo "1780"]
[BlackElo "1820"]
[PlyCount "77"]
[EventDate "2009.05.16"]
[EventType "swiss"]
[EventRounds "6"]
[EventCountry "CAN"]
[SourceTitle "EXT 2011"]
[Source "ChessBase"]
[SourceDate "2010.11.26"]
[SourceVersion "1"]
[SourceVersionDate "2010.11.26"]
[SourceQuality "1"]

1. d4 Nf6 2. c4 e6 3. a3 c5 4. d5 exd5 5. cxd5 d6 6. Nc3 g6 7. e4 Nbd7 8. Bb5 Bg7 9. Bf4 Qe7 10. Qe2 0-0 11. Nf3 a6 12. Bxd7 Nxd7 13. 0-0 b5 14. Rfe1 f6 15. h3 c4 16. Nd4 Nc5 17. Ncxb5 axb5 18. Nxb5 Nd3 19. Bxd6 Qd7 20. Bxf8 Bxf8 21. Nd4 Nxe1 22. Rxe1 Ba6 23. Qf3 Qe7 24. Nc6 Qd6 25. e5 fxe5 26. Rxe5 Bc8 27. Re8 Bg4 28. Rxf8+ Rxf8 29. Qxg4 Re8 30. Qd1 Rc8 31. Nb4 c3 32. bxc3 Rxc3 33. Qe1 Rxa3 34. Nc6 Rd3 35. g3 Kg7 36. Qa1+ Kh6 37. Ne5 Qxd5 38. Ng4+ Kg5 39. Qf6+ 1-0

[Event "Ontario op"]
[Site "Ottawa"]
[Date "2009.05.16"]
[Round "1"]
[White "Wilker, Marcus"]
[Black "Hunt, Murray"]
[Result "1/2-1/2"]
[WhiteElo "1820"]
[BlackElo "1688"]
[PlyCount "92"]
[EventDate "2009.05.16"]
[EventType "swiss"]
[EventRounds "6"]
[EventCountry "CAN"]
[SourceTitle "EXT 2011"]
[Source "ChessBase"]
[SourceDate "2010.11.26"]
[SourceVersion "1"]
[SourceVersionDate "2010.11.26"]
[SourceQuality "1"]

1. d4 Nf6 2. c4 g6 3. Nc3 Bg7 4. e4 d6 5. f3 0-0 6. Be3 Nbd7 7. Bd3 e5 8. Nge2 b6 9. Qa4 exd4 10. Nxd4 Nc5 11. Qc2 Nxd3+ 12. Qxd3 c5 13. Nde2 Be6 14. Bg5 Qd7 15. Nd5 Bxd5 16. cxd5 Ne8 17. Nc3 f5 18. 0-0 a6 19. a4 Nc7 20. Kh1 Rae8 21. Qc2 Qf7 22. Bf4 Qd7 23. Qf2 fxe4 24. Qg3 Be5 25. fxe4 Qf7 26. Ne2 Bxf4 27. Rxf4 Qg7 28. Raf1 Rxf4 29. Qxf4 Qf8 30. Ng3 Qxf4 31. Rxf4 Kg7 32. Rf3 b5 33. axb5 axb5 34. Ra3 Ra8 35. Rxa8 Nxa8 36. Kg1 Kf6 37. Kf2 Ke5 38. Ke3 Nb6 39. Kd3 Nc4 40. b3 Nb6 41. Nf1 Nd7 42. Nd2 Nf6 43. g3 Ng4 44. Nf3+ Kf6 45. Kc3 Ne5 46. Nd2 b4+ 1/2-1/2

[Event "Ontario op"]
[Site "Ottawa"]
[Date "2009.05.16"]
[Round "2"]
[White "Xiong, Wei"]
[Black "Wilker, Marcus"]
[Result "0-1"]
[WhiteElo "1670"]
[BlackElo "1820"]
[PlyCount "82"]
[EventDate "2009.05.16"]
[EventType "swiss"]
[EventRounds "6"]
[EventCountry "CAN"]
[SourceTitle "EXT 2011"]
[Source "ChessBase"]
[SourceDate "2010.11.26"]
[SourceVersion "1"]
[SourceVersionDate "2010.11.26"]
[SourceQuality "1"]

1. e4 c6 2. d4 d5 3. Nc3 dxe4 4. Nxe4 Nf6 5. f3 Bf5 6. Nxf6+ gxf6 7. Bc4 e6 8. Ne2 Nd7 9. Bd3 Bg6 10. h4 h5 11. Be3 f5 12. Nc3 Qc7 13. Qe2 Nf6 14. Bg5 Bg7 15. 0-0 Nh7 16. Qe3 Nxg5 17. Qxg5 Bxd4+ 18. Kh1 Rg8 19. Rae1 Bh7 20. Qxh5 0-0-0 21. f4 Rg4 22. Qxh7 Rh8 23. Qxh8+ Bxh8 24. Rf3 Rxh4+ 25. Kg1 Rxf4 26. Ne2 Rh4 27. Ng3 Be5 28. Kf2 Bd4+ 29. Ke2 Bxb2 30. Kd1 Qb6 31. Nxf5 Bc3 32. Nd6+ Kb8 33. Ref1 f5 34. Rg3 Rh1 35. Rg8+ Kc7 36. Ne8+ Kd7 37. Rxh1 Qb1+ 38. Ke2 Qxh1 39. Ng7 Qxg2+ 40. Ke3 Bd2+ 41. Kd4 Qd5# 0-1

[Event "Scarborough CC-ch reserves op"]
[Site "Toronto"]
[Date "2009.02.26"]
[Round "1"]
[White "Gillis, Doug"]
[Black "Wilker, Marcus"]
[Result "0-1"]
[WhiteElo "1676"]
[BlackElo "1794"]
[PlyCount "98"]
[EventDate "2009.02.26"]
[EventType "swiss"]
[EventRounds "9"]
[EventCountry "CAN"]
[SourceTitle "EXT 2011"]
[Source "ChessBase"]
[SourceDate "2010.11.26"]
[SourceVersion "1"]
[SourceVersionDate "2010.11.26"]
[SourceQuality "1"]

1. e4 c6 2. d4 d5 3. exd5 cxd5 4. c4 Nc6 5. Nc3 Nf6 6. c5 e6 7. Bb5 Bd7 8. Nf3 b6 9. Bxc6 Bxc6 10. Ne5 Rc8 11. 0-0 bxc5 12. Re1 Qb6 13. dxc5 Bxc5 14. Qe2 0-0 15. Nxc6 Qxc6 16. Bg5 Nd7 17. Qg4 Rfe8 18. Bh6 g6 19. Qf3 f5 20. Rac1 Qb7 21. Qe2 Rb8 22. b3 Bb4 23. Red1 Nf6 24. Bg5 Bxc3 25. Rxc3 Ne4 26. Re3 Nxg5 27. h4 Ne4 28. h5 Qc7 29. hxg6 hxg6 30. Rh3 Re7 31. Qb2 Rh7 32. Rc1 Qg7 33. Qxg7+ Rxg7 34. Rc6 Kf7 35. Re3 Kf6 36. f3 Ng5 37. Rd3 Rd7 38. Kf2 Rb6 39. Rc8 Nf7 40. Rg8 Rc7 41. f4 Rbc6 42. Rg3 Rc2+ 43. Kg1 Rxa2 44. R3xg6+ Ke7 45. R8g7 Kd6 46. Rf6 Nd8 47. Rgg6 d4 48. Rxf5 d3 49. Re5 d2 0-1

[Event "Toronto Howard Ridout op"]
[Site "Toronto"]
[Date "2008.09.18"]
[Round "2"]
[White "Bossy, John"]
[Black "Wilker, Marcus"]
[Result "0-1"]
[WhiteElo "1863"]
[BlackElo "1800"]
[PlyCount "86"]
[EventDate "2008.09.11"]
[EventType "swiss"]
[EventRounds "7"]
[EventCountry "CAN"]
[SourceTitle "EXT 2011"]
[Source "ChessBase"]
[SourceDate "2010.11.26"]
[SourceVersion "1"]
[SourceVersionDate "2010.11.26"]
[SourceQuality "1"]

1. e4 c5 2. Nf3 e6 3. d4 d5 4. exd5 exd5 5. Be2 Nc6 6. 0-0 Nf6 7. Bg5 cxd4 8. Nxd4 Bc5 9. Nb3 Bb6 10. Nc3 Be6 11. Bf3 Ne7 12. Qe2 Qd7 13. Rfd1 0-0-0 14. a4 a6 15. a5 Ba7 16. Bf4 Ng4 17. Nd4 Nc6 18. Ra4 Nxd4 19. Raxd4 Bxd4 20. Rxd4 Nf6 21. Qe5 Qc6 22. Nxd5 Bxd5 23. Rxd5 Rxd5 24. Qb8+ Kd7 25. Qxh8 Qxc2 26. h3 Ne4 27. Bg4+ Ke7 28. Be3 Nf6 29. Qxg7 Nxg4 30. Qxg4 Qd1+ 31. Kh2 Qxg4 32. hxg4 Rxa5 33. f4 Ra4 34. Kg3 Ke6 35. Kf3 Rb4 36. f5+ Kd5 37. g3 Rxb2 38. Kf4 Rc2 39. Kg5 Rc3 40. Bf4 Rc6 41. Kh5 b5 42. g5 b4 43. f6 b3 0-1